El valor del idioma en la era de la IA /

Guardado en:
Autor Principal: Sueiro, Carlos Christian.
Formato: Libro
Idioma:Undetermined
Publicado: Ciudad Autónoma de Buenos Aires : Hammurabi, 2025.
Edición:1a. ed.
Series:Colección IA ; 5
Materias:
Etiquetas: Agregar Etiqueta
Sin Etiquetas, Sea el primero en etiquetar este registro!
LEADER 01129nam a22001815a 4500
001 DER.der015600
008 251212s2025####xx############000#0#und#d
005 20251212134048.0
245 1 0 |a El valor del idioma en la era de la IA /  |c Carlos Christian Sueiro. 
250 |a 1a. ed. 
260 |a Ciudad Autónoma de Buenos Aires :  |b Hammurabi,  |c 2025. 
300 |a 111 p. 
490 1 |a Colección IA ;  |v 5 
500 |a El idioma como cimiento de la construcción del pensamiento. El idioma como extensión del horizonte cultural. El idioma como extensión del horizonte cultural. El idioma y sus ventajas físicas, neurológicas y culturales para el desarrollo de la creatividad. El idioma como superación de los límites temporales y culturales del conocimiento. El idioma extranjero y su importancia en las investigaciones jurídicas. Lo intraducible e inaccesible para los asistentes de inteligencia artificial (IA). Breve diccionario internacional de palabras y expresiones intraducibles. 
020 |a 9789878059884 
100 1 |a Sueiro, Carlos Christian. 
650 7 |a INTELIGENCIA ARTIFICIAL 
859 |a DERECHO  |b BIB. DERECHO  |h 347  |i SUE  |p 0010755